|
|
|
|
| LEADER |
00705nam a2200253 a 4500 |
| 001 |
adlib96000001 |
| 003 |
ViArRB |
| 005 |
20151026132200.0 |
| 008 |
960221s1955 dcuabcdjdbkoqu001 0deng d |
| 020 |
|
|
|a 0-8247-2383-X
|
| 022 |
|
|
|
| 040 |
|
|
|a Adlib
|
| 082 |
|
|
|a 347.779:62
|
| 245 |
|
|
|a Patent law for scientists and engineers
|
| 250 |
|
|
|
| 260 |
|
|
|a Boca Raton
|b Taylor & Francis
|c 2005
|
| 300 |
|
|
|a vi, 272p.
|
| 500 |
|
|
|a
|
| 100 |
|
|
|a Goldstein, Avery N.
|e ed. by
|
| 700 |
|
|
|
| 942 |
|
|
|c BK
|6 _
|
| 653 |
|
|
|a Patent laws and legislation- United States
|
| 999 |
|
|
|c 43222
|d 43222
|
| 952 |
|
|
|0 0
|1 0
|4 0
|6 34777962_GOL
|7 0
|9 55353
|a UL
|b UL
|d 2010-06-16
|o 347.779:62 GOL
|p 00054973
|r 2010-06-16
|w 2010-06-16
|y BK
|